书目信息 |
| 题名: |
中国工艺美术史
|
|
| 作者: | 李龙生 编 | |
| 分册: | ||
| 出版信息: | 合肥 安徽美术出版社 2000.04 |
|
| 页数: | 132页 | |
| 开本: | 16开 | |
| 丛书名: | ||
| 单 册: | ||
| 中图分类: | J509.2 | |
| 科图分类: | ||
| 主题词: | 工艺美术--艺术理论 | |
| 电子资源: | ||
| ISBN: | 7-5398-0819-5 | |
| 000 | 00556nam0 2200193 45 | |
| 001 | 0010242056 | |
| 005 | 20001024202049.0 | |
| 010 | @a7-5398-0819-5@d19.80元 | |
| 100 | @a20001024d2000 km y0chiy0120 ea | |
| 101 | 0 | @achi |
| 105 | @a z 000yy | |
| 200 | 1 | @a中国工艺美术史@AZhong Guo Gong Yi Mei Shu Shi@f李龙生编@FLi Long Sheng Bian |
| 210 | @a合肥@c安徽美术出版社@d2000.04 | |
| 215 | @a132页@d16开 | |
| 606 | 0 | @a工艺美术@x艺术理论 |
| 690 | @aJ509.2@v3 | |
| 701 | 0 | @a李龙生@4编 |
| 801 | @aCN@bPftUser@c20001024 | |
| 905 | @b187572-576@dJ509.2@eL787@f5 | |
| 中国工艺美术史/李龙生编.-合肥:安徽美术出版社,2000.04 |
| 132页;16开 |
| ISBN 7-5398-0819-5:19.80元 |
| ● |
| 相关链接 |
|
|
|
正题名:中国工艺美术史
索取号:J509.2/L787
 
预约/预借
| 序号 | 登录号 | 条形码 | 馆藏地/架位号 | 状态 | 备注 |
| 1 | 187572 | 201875729 | 社科库309/309社科库 85排4列2层/ [索取号:J509.2/L787] | 在馆 | |
| 2 | 187573 | 201875738 | 社科库309/309社科库 85排4列2层/ [索取号:J509.2/L787] | 在馆 | |
| 3 | 187574 | 201875747 | 自科二线404/309社科库 85排4列2层/ [索取号:J509.2/L787] | 在馆 | |
| 4 | 187575 | 201875756 | 自科二线404/309社科库 85排4列2层/ [索取号:J509.2/L787] | 在馆 | |
| 5 | 187576 | 201875765 | 社科库309/309社科库 85排4列2层/ [索取号:J509.2/L787] | 在馆 |